000 00456nam a2200193Ia 4500
005 20240913125203.0
008 240913s9999||||xx |||||||||||||| ||und||
041 _aENGLISH
082 _A526.9 L0
100 _aBouchard,Harry
245 0 _aSurveying
250 _a5th
260 _c1970
_bInternational Textbook Company,Usa
500 _aREFERENCE
650 _aSurveying
_bCivil
700 _a Moffitt,Francis H
942 _cREF
999 _c245005
_d245005